|
|
|
|
| LEADER |
00000nab a2200000 a 4500 |
| 001 |
vtls001020349 |
| 003 |
SK-MaSNL |
| 005 |
20260303035232.0 |
| 008 |
040720e20021107xo 0 slo |
| 035 |
|
|
|a SN6256
|
| 040 |
|
|
|a SNSK
|b slo
|c SNSK
|e AACR2
|
| 041 |
0 |
|
|a slo
|
| 044 |
|
|
|a xo
|c SK
|
| 080 |
|
|
|a 654.197(437.678)
|2 1981
|
| 080 |
|
|
|a 7.097
|2 1981
|
| 100 |
0 |
|
|a (top)
|4 aut
|9 887920
|
| 245 |
1 |
0 |
|a Televízia Reduta získala licenciu na terestriálne vysielanie
|
| 610 |
2 |
7 |
|a Televízia Reduta (Spišská Nová Ves, Slovensko)
|2 SNSK
|9 59000
|
| 650 |
0 |
7 |
|a vysielanie terestriálne
|2 SNSK
|9 1021746
|
| 651 |
|
7 |
|a Spišská Nová Ves (Slovensko)
|2 SNSK
|9 28800
|
| 651 |
|
7 |
|a SN,
|2 SNSK
|9 1021277
|
| 655 |
|
7 |
|a periodikum
|2 snkbucl
|9 29553
|
| 710 |
2 |
|
|a Televízia Reduta (Spišská Nová Ves, Slovensko)
|4 aut
|9 59000
|
| 773 |
0 |
8 |
|t Spišský denník
|g Roč. 4, č.259, 7.11.2002, s. 1
|x 1335-759X
|
| 852 |
|
|
|a ZVYKNI
|b KIS3GCP
|
| 999 |
|
|
|c 1676584
|d 1678514
|